Manual del concejal / Francisco Chorot Nogales y la Redacción de El Consultor de los Ayuntamientos
ISBN:
84-7052-104-7
Descripción Física:
551 p. ; 24 cm
Colección:
Publicaciones Abella
Materias:
Regidors municipals -- Espanya
MARC
| LEADER | 00000nam a2200000Ia 4500 | ||
|---|---|---|---|
| 001 | 17358 | ||
| 008 | 160829s1983 xx 000 0 cat d | ||
| 020 | |a 84-7052-104-7 | ||
| 080 | |a D-3-84 | ||
| 100 | |a Chorot Nogales, Francisco |9 23198 | ||
| 245 | |a Manual del concejal / Francisco Chorot Nogales y la Redacción de El Consultor de los Ayuntamientos | ||
| 250 | |a 2a ed. | ||
| 260 | |a Madrid : |b El Consultor de los Ayuntamientos y de los Juzgados, |c 1983 | ||
| 300 | |a 551 p. ; |c 24 cm | ||
| 490 | |a Publicaciones Abella | ||
| 650 | |a Regidors municipals |x Espanya |9 23308 | ||
| 710 | 2 | |a Consultor de los Ayuntamiento y de los Juzgados |e entitat autora |9 55140 | |
| 901 | |a Arxiu | ||
| 942 | |n 1 |2 udc | ||
| 952 | |0 1 |1 0 |2 udc |4 0 |5 2 |6 D384 |7 1 |9 42613 |a Arxiu |b Arxiu |d 2016-12-01 |l 0 |o D-3-84 |p 17358 |r 2016-12-01 00:00:00 |w 2016-12-01 |y ARXIU | ||
| 999 | |c 45118 |d 45118 | ||